00579nam a22001697a 4500003000400000005001700004008004100021020002200062040002400084082002100108100002900129245006000158260007400218300004400292650005000336700002300386OSt20260505072049.0260505b |||||||| |||| 00| 0 eng d a978-621-416-134-8 aDWCL Main Lib. cOC a336.2 L791p 2023 aLlamado, Christopher P.  aPhilippine Income Tax volume 1/cChristopher P. Llamado aSamplaoc Manila, Philippines : bGIC Enterprises & Co. inc., cc2023. a1-713 pages : billustrations ; c22cm. aIncome tax- law and legislation-- Philippines aDe Vera, Jack L.